000 00688cab a2200217 4500
001 WB3321-19
008 090401t1997 xxu||||| |||| 00| 0 eng d
035 _a(Sirsi) u78648
041 _aeng
245 _aCouncil to pay back profits
260 _c1997
350 _a0
490 _aEvening Standard
_v28 May 1997, 2.2(1)
520 _aHammersmith and Fulham Council has been forced by a judge to refund up to £300 each to thousands of people who bought council flats, after overcharging for years on their insurance.
650 _aBUILDINGS INSURANCE
650 _aHAMMERSMITH AND FULHAM LBC
650 _aREFUND
690 _aHOUSING
942 _n0
948 _c29/05/1997
999 _c49455
_d49455